000 00903nam a2200289Ia 4500
001 H8048
003 IT-RoPAU
008 130308s9999 xx 000 0 und d
040 _aIT-RoPAU
040 _cIT-RoPAU
041 _aITALIANO
100 _aScannell Paddy
100 _gCodice Aut. SPICS: 17304
245 _aDiretta e registrata: la storicità della televisione
245 _bFare storia con la Televisione. L'Immagine Come Fonte, Evento, Memoria
250 _a1a ed.
260 _aMILANO
260 _bVita e Pensiero
260 _c2006 [1° Ed.:2006 - Ed.Ling.Originale:2006]
300 _a"21 p. (prefazione: no ; testo: 21 [pagine: 173-193])"
500 _aDiretta e Registrata. a Casa con Arcivescovo e Signora. Televisione e sfera Pubblica.
650 _aSAGGI SULLA TELEVISIONE
650 _eCodice materia Spics: 6961
942 _cBK
957 _71
999 _c84915
_d84915
999 _g1